Statistics for Alliterative Idioms

Click here to take the quiz!

General Stats

  • This quiz has been taken 54 times
  • The average score is 17 of 20

Answer Stats

HintAnswer% Correct
I was so happy I jumped for...Joy
100%
She takes dangerous risks because she is a dare...Devil
98%
At the finish line the runners were neck and...Neck
95%
To the orphan he was a father...Figure
93%
You can succeed if you put mind over...Matter
93%
The BMW cost a pretty...Penny
93%
The strong whiskey really packs a...Punch
93%
The works of Shakespeare have stood the test of...Time
93%
By being late and rude he added insult to...Injury
91%
Volunteering each week is a labour of...Love
91%
The Osar winning film got rave...Reviews
91%
I respect her, and vice...Versa
89%
Her apology was half...Hearted
86%
Waiting for something with bated...Breath
84%
For removing tough stains, this laundry detergent works...Wonders
82%
That car is a gas...Guzzler
80%
A word to the...,be kind to everyoneWise
80%
Things that lack creativity are cookie...Cutter
66%
Amazon is a fortune...company500
61%
My rundown childhood home was a sorry...Sight
48%

Score Distribution

Percentile by Number Answered

Percent of People with Each Score

Your Score History

You have not taken this quiz